Applied Sociology (Record no. 159534)

MARC details
000 -LEADER
fixed length control field 00370nam a2200145Ia 4500
008 - FIXED-LENGTH DATA ELEMENTS--GENERAL INFORMATION
fixed length control field 230519s9999 xx 000 0 und d
020 ## - INTERNATIONAL STANDARD BOOK NUMBER
International Standard Book Number 978-81-89966-41-3
041 ## - LANGUAGE CODE
Language code of text/sound track or separate title eng
082 ## - DEWEY DECIMAL CLASSIFICATION NUMBER
Classification number SO/CLE/DB0950
100 ## - MAIN ENTRY--PERSONAL NAME
Personal name Clement I
9 (RLIN) 119826
245 ## - TITLE STATEMENT
Title Applied Sociology
260 ## - PUBLICATION, DISTRIBUTION, ETC. (IMPRINT)
Name of publisher, distributor, etc. Frontline Publications
Place of publication, distribution, etc. Hyderabad
Date of publication, distribution, etc. 2021
300 ## - PHYSICAL DESCRIPTION
Extent 310p

No items available.